000 00272nam a22001097a 4500
008 170105b xxu||||| |||| 00| 0 eng d
020 _a9781416037620
041 _aeng
080 _26TH
_a618.2
245 _aMEDICAL-SURGICAL NURSING
_cIGNATAVICIUS & WORKMAN
942 _2udc
_cBK
999 _c2580
_d2580